|
|
|
|
| LEADER |
007010000a22002170004500 |
| 020 |
|
|
|a 81-7808-221-7
|
| 082 |
|
|
|a 005.43 SOL N9;1
|
| 100 |
|
|
|a Sobell, Mark G; Author
|
| 245 |
|
|
|a A practical guide to solaris
|
| 250 |
|
|
|
| 260 |
|
|
|a Singapore, Pearson Education Asia Pvt Ltd
|
| 260 |
|
|
|c 1999
|
| 460 |
|
|
|a l,1112
|
| 465 |
|
|
|a Rs.495.00
|
| 500 |
|
|
|a Includes bibliographic references and index
|
| 500 |
|
|
|a Mark G Sobell
|
| 650 |
|
|
|a Operating systems (Computers)
|
| 650 |
|
|
|a Solaris (Computer programs)
|
| 942 |
|
|
|c BK
|
| 999 |
|
|
|c 32100
|d 32100
|
| 952 |
|
|
|0 0
|1 0
|4 0
|6 005_430000000000000_SOL_N91
|7 0
|8 ENG
|9 32217
|a MGUL
|b MGUL
|d 2013-07-16
|e Rs.495.00
|l 0
|o 005.43 SOL N9;1
|p 32628
|r 2013-07-16
|w 2013-07-16
|y BK
|